Detalles MARC
| 000 -LEADER |
| fixed length control field |
02111nam a2200469Ii 4500 |
| 001 - CONTROL NUMBER |
| control field |
DIGCOLMX0541 |
| 003 - CONTROL NUMBER IDENTIFIER |
| control field |
NyNyDIG |
| 006 - FIXED-LENGTH DATA ELEMENTS--ADDITIONAL MATERIAL CHARACTERISTICS |
| fixed length control field |
m o d |
| 007 - PHYSICAL DESCRIPTION FIXED FIELD--GENERAL INFORMATION |
| fixed length control field |
cr ||||||||||| |
| 008 - FIXED-LENGTH DATA ELEMENTS--GENERAL INFORMATION |
| fixed length control field |
240701s2023 mx a ob 000 0 spa d |
| 035 ## - SYSTEM CONTROL NUMBER |
| System control number |
(OCoLC)1443711571 |
| 040 ## - CATALOGING SOURCE |
| Original cataloging agency |
DGITA |
| Language of cataloging |
eng |
| Description conventions |
rda |
| -- |
pn |
| Transcribing agency |
DGITA |
| 020 ## - INTERNATIONAL STANDARD BOOK NUMBER |
| International Standard Book Number |
9786075645698 |
| Qualifying information |
(electrónica) |
| 020 ## - INTERNATIONAL STANDARD BOOK NUMBER |
| Canceled/invalid ISBN |
9786075643458 |
| Qualifying information |
(volumen 14) |
| 043 ## - GEOGRAPHIC AREA CODE |
| Geographic area code |
n-mx--- |
| 050 14 - LIBRARY OF CONGRESS CALL NUMBER |
| Classification number |
GT2883.M6 ebook |
| 100 1# - MAIN ENTRY--PERSONAL NAME |
| Personal name |
Vásquez Meléndez, Miguel Ángel, |
| Relator term |
author. |
| 245 10 - TITLE STATEMENT |
| Title |
Ebrios y laboriosos : |
| Remainder of title |
dos aproximaciones a la sociedad capitalina hacia el final del siglo XVIII / |
| Statement of responsibility, etc. |
Miguel Ángel Vásquez Meléndez. |
| 250 ## - EDITION STATEMENT |
| Edition statement |
Primera edición electrónica. |
| 264 #1 - PRODUCTION, PUBLICATION, DISTRIBUTION, MANUFACTURE, AND COPYRIGHT NOTICE |
| Place of production, publication, distribution, manufacture |
Ciudad de México, México : |
| Name of producer, publisher, distributor, manufacturer |
El Colegio de México, |
| Date of production, publication, distribution, manufacture, or copyright notice |
2023. |
| 300 ## - PHYSICAL DESCRIPTION |
| Extent |
1 online resource : |
| Other physical details |
illustrations. |
| 336 ## - CONTENT TYPE |
| Content type term |
text |
| Content type code |
txt |
| Source |
rdacontent |
| 337 ## - MEDIA TYPE |
| Media type term |
computer |
| Media type code |
c |
| Source |
rdamedia |
| 338 ## - CARRIER TYPE |
| Carrier type term |
online resource |
| Carrier type code |
cr |
| Source |
rdacarrier |
| 347 ## - DIGITAL FILE CHARACTERISTICS |
| File type |
text file |
| Source |
rdaft |
| 347 ## - DIGITAL FILE CHARACTERISTICS |
| Encoding format |
EPUB |
| 490 1# - SERIES STATEMENT |
| Series statement |
Colección La aventura de la vida cotidiana. Historia-investigación |
| 490 1# - SERIES STATEMENT |
| Series statement |
Centro de estudios históricos |
| 504 ## - BIBLIOGRAPHY, ETC. NOTE |
| Bibliography, etc. note |
Includes bibliographical references. |
| 588 0# - SOURCE OF DESCRIPTION NOTE |
| Source of description note |
Online resource; title from ePub title page (Digitalia, viewed July 1, 2024) |
| 650 #0 - SUBJECT ADDED ENTRY--TOPICAL TERM |
| Topical term or geographic name entry element |
Alcoholic beverages |
| Geographic subdivision |
Mexico |
| -- |
Mexico City |
| General subdivision |
History |
| Chronological subdivision |
18th century. |
| 650 #0 - SUBJECT ADDED ENTRY--TOPICAL TERM |
| Topical term or geographic name entry element |
Alcoholism |
| General subdivision |
Social aspects |
| Geographic subdivision |
Mexico |
| -- |
Mexico City |
| General subdivision |
History |
| Chronological subdivision |
18th century. |
| 651 #0 - SUBJECT ADDED ENTRY--GEOGRAPHIC NAME |
| Geographic name |
Mexico City (Mexico) |
| General subdivision |
Social life and customs |
| Chronological subdivision |
18th century. |
| 791 2# - |
| -- |
Digitalia (Firm), |
| -- |
distributor. |
| 793 0# - |
| -- |
Digitalia eBook Collection: |
| -- |
El Colegio de México |
| 776 08 - ADDITIONAL PHYSICAL FORM ENTRY |
| Relationship information |
Print version: |
| Main entry heading |
Vásquez Meléndez, Miguel Ángel. |
| Title |
Ebrios y laboriosos. |
| Edition |
Primera edición impresa. |
| Place, publisher, and date of publication |
Ciudad de México, México : El Colegio de México, 2022 |
| International Standard Book Number |
9786075643458 |
| 830 #0 - SERIES ADDED ENTRY--UNIFORM TITLE |
| Uniform title |
Colección La aventura de la vida cotidiana. |
| Name of part/section of a work |
Historia-investigación. |
| 830 #0 - SERIES ADDED ENTRY--UNIFORM TITLE |
| Uniform title |
Centro de estudios históricos. |
| 856 40 - ELECTRONIC LOCATION AND ACCESS |
| Materials specified |
Digitalia Hispánica |
| Uniform Resource Identifier |
<a href="https://www.digitaliapublishing.com/a/156650/">https://www.digitaliapublishing.com/a/156650/</a> |
| 910 ## - USER-OPTION DATA (OCLC) |
| User-option data |
Premium collection: 2024 |
| 942 ## - ADDED ENTRY ELEMENTS (KOHA) |
| Koha item type |
Recurso Electrónico |